[Event "Perla Baltyku Open 2012"]
[Site "Lazy POL"]
[Date "2012.07.05"]
[Round "6.3"]
[White "Mista,A"]
[Black "Kanarek,M"]
[Result "1-0"]
[WhiteElo "2538"]
[BlackElo "2484"]

1.c4 Nf6 2.Nc3 g6 3.e4 d6 4.d4 Bg7 5.Nf3 O-O 6.Be2 e5 7.O-O Nbd7 8.Qc2 c6
9.Rd1 Qe7 10.d5 a5 11.a3 c5 12.Bg5 h6 13.Bd2 a4 14.Rdb1 Ra6 15.Bd3 Nb6 16.b3 axb3
17.Rxb3 Nh5 18.Rab1 Qd8 19.g3 Na4 20.Nd1 Qe8 21.Nh4 Kh7 22.Ne3 b6 23.Qd1 Nf6
24.Bc2 Bd7 25.f3 Nh5 26.Nhg2 Qe7 27.Kh1 Ra7 28.Ng4 Nf6 29.Nf2 Rfa8 30.f4 b5
31.cxb5 Nb6 32.Bc1 exf4 33.gxf4 Ra5 34.e5 dxe5 35.d6 Qe6 36.fxe5 Qxe5 37.Bb2 Qh5
38.Qf3 c4 39.Re3 Nbd5 40.Bxf6 Qxf3 41.Rxf3 Nxf6 42.Ne4 Nxe4 43.Bxe4 Rb8 44.Rxf7 Raxb5
45.Rxb5 Bxb5 46.Nf4 Rf8 47.Rxg7+ Kxg7 48.Ne6+ Kf7 49.Nxf8 Kxf8 50.Kg1 g5
51.Kf2 Kf7 52.Bf5 Kf6 53.Bg4 h5 54.Bxh5 Ke6 55.Ke3 Kxd6 56.Kd4 Ke6 57.Be2 c3
58.Bg4+ Kd6 59.Kxc3 Kc5 60.Bf5 Kd5 61.Kb4 Bc6 62.Bd3 Kd4 63.Bb5 Bb7 64.a4 Bc8
65.a5 Kd5 66.Bf1 Kd6 67.Kb5 Kc7 68.Kc5 Bb7 69.Be2 Bc8 70.Kd5 Bd7 71.Ke5 Kc6
72.Kf6 g4 73.Kg5 Bc8 74.Bxg4 Ba6 75.h4 Bd3 76.h5  1-0

[Event "86th ch-ARG 2012"]
[Site "La Plata ARG"]
[Date "2012.07.06"]
[Round "3.12"]
[White "Colautti,M"]
[Black "Perez Ponsa,F"]
[Result "0-1"]
[WhiteElo "1973"]
[BlackElo "2489"]

1.d4 Nf6 2.c4 g6 3.Nc3 Bg7 4.e4 d6 5.Nf3 O-O 6.Be2 Na6 7.O-O e5 8.a3 Qe8
9.d5 Nc5 10.Qc2 a5 11.Be3 a4 12.Bxc5 dxc5 13.Ne1 Qe7 14.Nd3 Bd7 15.Rfe1 Ne8
16.Bf1 b6 17.b3 axb3 18.Qxb3 Nd6 19.a4 f5 20.f3 Ra5 21.Ra2 Rfa8 22.Kh1 fxe4
23.fxe4 Bh6 24.g3 Qe8 25.Nb2 Bd2 26.Re2 Bc1 27.Nd3 Bg5 28.Nb5 Bxb5 29.axb5 Rxa2
30.Rxa2 Nxe4 31.Rxa8 Qxa8 32.Qb2 Bf6 33.Bh3 Qa4 34.Be6+ Kg7 35.Kg2 Nd6 36.Qe2 Qxc4  0-1

[Event "5th Int ch-Central Serbia 2012"]
[Site "Paracin SRB"]
[Date "2012.07.06"]
[Round "1.35"]
[White "Banovic,I"]
[Black "Nenezic,M"]
[Result "0-1"]
[WhiteElo "2072"]
[BlackElo "2346"]

1.d4 Nf6 2.c4 g6 3.Nc3 Bg7 4.e4 d6 5.Nf3 O-O 6.Be2 e5 7.d5 a5 8.Bg5 h6 9.Bh4 Na6
10.Nd2 Qe8 11.O-O Bd7 12.b3 Nh7 13.a3 f5 14.f3 f4 15.Rb1 g5 16.Bf2 Nf6 17.b4 axb4
18.axb4 Qg6 19.Kh1 g4 20.fxg4 Nxg4 21.Bxg4 Bxg4 22.Nf3 Nb8 23.Qd3 Nd7 24.Ra1 Nf6
25.c5 Kh7 26.cxd6 cxd6 27.Bb6 Rg8 28.Ra5 Bh8 29.Rf2 Rgc8 30.Rd2 Bxf3 31.Qxf3 Rc4
32.b5 Rac8 33.Ra3 Rb4 34.Ba5 Rbc4 35.Bb6 h5 36.Rd1 Qg4 37.Qd3 Bg7 38.Bg1 Rb4
39.Ra4 Rb2 40.g3 fxg3  0-1

[Event "35th Barbera Open A"]
[Site "Barbera del Valles ESP"]
[Date "2012.07.07"]
[Round "4.22"]
[White "Arjun,B"]
[Black "Perpinya Rofes,L"]
[Result "1/2-1/2"]
[WhiteElo "2250"]
[BlackElo "2401"]

1.Nf3 Nf6 2.c4 g6 3.Nc3 Bg7 4.e4 d6 5.d4 O-O 6.Be2 Na6 7.O-O e5 8.Be3 Ng4
9.Bg5 Qe8 10.Re1 exd4 11.Nd5 c6 12.Ne7+ Kh8 13.Nxc8 Rxc8 14.Nxd4 Nf6 15.f3 Qe5
16.Be3 d5 17.Qb3 c5 18.Nc2 dxe4 19.Qxb7 Qe6 20.Qb3 Rb8 21.Qa3 Rfd8 22.b3 Nd7
23.Rac1 Nb4 24.Nxb4 cxb4 25.Qa5 Ne5 26.fxe4 Nc6 27.Qg5 Bd4 28.Bxd4+ Rxd4
29.e5 Qxe5 30.Qxe5+ Nxe5 31.c5 f6 32.Ba6 Rd7 33.Red1 Rbd8 34.Rxd7 Rxd7 35.c6 Rc7
36.Bb7 Kg7 37.Rc5 Kf7 38.Rb5 Nxc6 39.Bxc6 Rxc6 40.Rb7+ Ke6 41.Rxa7 h5 42.a3 Rc1+
43.Kf2 Rc2+ 44.Kf1 Ra2 45.Ra6+ Kf7 46.Ra7+ Kg8 47.a4 Rb2 48.a5 Rxb3 49.a6 Ra3
50.Rb7 Rxa6 51.Rxb4 Kf7 52.Kf2 Ke6 53.Rb5 Ra2+ 54.Kf3 Ra3+ 55.Kf2 Rd3 56.Ra5 Rd5
57.Ra4 Kf5 58.Ke3 g5 59.h3 Rb5 60.Kf3 Rb3+ 61.Kf2 g4 62.hxg4+ hxg4 63.Ra5+ Kg6
64.g3 Rb2+ 65.Kf1 Rh2 66.Ra4 Kg5 67.Ra5+ f5 68.Rc5 Rd2 69.Rc6 Rd8 70.Kf2 Rf8
71.Ra6 Rf6 72.Ra8 Rb6 73.Ra5 Rb2+  1/2-1/2

[Event "Irish Championships 2012"]
[Site "Dublin IRL"]
[Date "2012.07.07"]
[Round "1.7"]
[White "O'Connell,G"]
[Black "Gedvilaite,Monika"]
[Result "1-0"]
[WhiteElo "2160"]
[BlackElo "1985"]

1.d4 Nf6 2.c4 g6 3.Nc3 Bg7 4.e4 d6 5.Nf3 O-O 6.Be2 Nbd7 7.O-O e5 8.Be3 Re8
9.Nd2 exd4 10.Bxd4 Ne5 11.f4 Nc6 12.Bf2 Be6 13.Qc2 Ng4 14.Bxg4 Bxg4 15.h3 Bd7
16.Nd5 f5 17.Rae1 Nd4 18.Qd3 c5 19.b4 Be6 20.Nb3 Bxd5 21.exd5 Nxb3 22.Qxb3 b6
23.bxc5 bxc5 24.Qb7 Bc3 25.Re6 a5 26.Rd1 Rf8 27.Qc6 Rf6 28.Bh4  1-0

[Event "119th ch-SCO 2012"]
[Site "Glasgow SCO"]
[Date "2012.07.07"]
[Round "1.6"]
[White "Mitchell,M"]
[Black "Hebden,M"]
[Result "1-0"]
[WhiteElo "2217"]
[BlackElo "2525"]

1.d4 Nf6 2.c4 g6 3.Nc3 Bg7 4.e4 d6 5.Be2 O-O 6.Nf3 e5 7.d5 Na6 8.Bg5 h6 9.Bh4 g5
10.Bg3 Nxe4 11.Nxe4 f5 12.Nfd2 fxe4 13.Nxe4 Bf5 14.Bd3 g4 15.O-O h5 16.h4 Bh6
17.a3 c6 18.dxc6 bxc6 19.Nxd6 Qxd6 20.Bxf5 Qf6 21.Bc2 Nc5 22.Qe2 Bf4 23.Rad1 Rf7
24.b4 Ne6 25.Qe4 Nd4 26.Bxf4 Qxf4 27.Rde1 Raf8 28.Bd3 Rg7 29.Qxf4 Rxf4 30.Kh2 Re7
31.Re4 Kg7 32.Kg1 a5 33.Rxf4 exf4 34.Rb1 f3 35.b5 cxb5 36.cxb5 fxg2 37.b6 Rb7
38.Kxg2 Kf6 39.Ba6 Rb8 40.b7 Nf5 41.Rc1 Nxh4+ 42.Kf1  1-0

[Event "11th La Fere Open"]
[Site "La Fere FRA"]
[Date "2012.07.07"]
[Round "1.10"]
[White "Wolfangel,C"]
[Black "Feryn,B"]
[Result "0-1"]
[WhiteElo "1784"]
[BlackElo "2112"]

1.d4 Nf6 2.Nf3 g6 3.c4 Bg7 4.Nc3 O-O 5.e4 d6 6.Be2 e5 7.dxe5 dxe5 8.Qxd8 Rxd8
9.Bg5 Re8 10.Nd5 Nxd5 11.cxd5 f5 12.Nd2 Nd7 13.Rc1 Bf8 14.f3 Bc5 15.Bb5 b6
16.b4 Bd6 17.a3 a6 18.Bd3 f4 19.Nc4 Bf8 20.Bh4 a5 21.d6 axb4 22.axb4 cxd6
23.Bf2 d5 24.Nxb6 Bxb4+ 25.Ke2 Nxb6 26.Bxb6 dxe4 27.fxe4 Bg4+ 28.Kf2 Rab8
29.Bc5 Red8 30.Bxb4 Rxb4 31.Bc4+ Rxc4 32.Rxc4 Rd2+ 33.Ke1 Rd1+ 34.Kf2 Rxh1
35.h3 Be6 36.Rc5 Rb1 37.Rxe5 Kf7 38.Ra5 Kf6 39.Kf3 g5 40.Ra7 Rf1+ 41.Ke2 Bc4+
42.Kd2 Rf2+ 43.Kc3 Be6 44.Rxh7 Rxg2 45.Rh6+ Ke5  0-1

[Event "ch-SLO 2012"]
[Site "Ljubljana SLO"]
[Date "2012.07.07"]
[Round "8.2"]
[White "Zorko,Ju"]
[Black "Mazi,L"]
[Result "1/2-1/2"]
[WhiteElo "2476"]
[BlackElo "2352"]

1.d4 Nf6 2.c4 d6 3.Nc3 e5 4.Nf3 Nbd7 5.e4 g6 6.Be2 Bg7 7.O-O O-O 8.Qc2 c6
9.d5 c5 10.Ne1 Ne8 11.Nd3 a6 12.Rb1 f5 13.b4 b6 14.bxc5 bxc5 15.exf5 gxf5
16.f4 e4 17.Nf2 Bd4 18.Nd1 Rf7 19.Rb3 Nf8 20.Kh1 Rg7 21.Bb2 Ng6 22.Qd2 Qf6
23.g4 Bxb2 24.Rxb2 Qd4 25.gxf5 Bxf5 26.Ne3 Bd7 27.Nfg4 Qxd2 28.Nh6+ Kf8 29.Rxd2 Nf6
30.Rb2 Nh4 31.f5 Rg5 32.Rb6 Ke7 33.Rb7 Rf8 34.Rb6 Nf3 35.Bxf3 exf3 36.Rxf3 Rh5
37.Nhg4 Nxg4 38.Nxg4  1/2-1/2

[Event "2nd Polugaevsky Mem"]
[Site "Samara RUS"]
[Date "2012.07.07"]
[Round "3.15"]
[White "Virovlansky,S"]
[Black "Purygin,A"]
[Result "1-0"]
[WhiteElo "2471"]
[BlackElo "2249"]

1.d4 Nf6 2.c4 g6 3.Nc3 Bg7 4.e4 O-O 5.Nf3 d6 6.Be2 e5 7.Be3 Nc6 8.d5 Ne7
9.Nd2 Nd7 10.O-O f5 11.f3 f4 12.Bf2 g5 13.b4 a5 14.a3 Nf6 15.c5 g4 16.Nc4 g3
17.hxg3 fxg3 18.Bxg3 Nh5 19.Bh2 Ng6 20.cxd6 cxd6 21.Nb5 Qg5 22.g4 Nhf4 23.Nbxd6 h5
24.Nxc8 Raxc8 25.Nd6 hxg4 26.fxg4 Nh3+ 27.Kh1 Qe3 28.Nf5 Nf2+ 29.Rxf2 Qxf2
30.Bg3 Qb6 31.d6 Qc6 32.Qd3 Bf6 33.Kg2 Qc2 34.Qd5+ Kh8 35.Rh1+ Bh4 36.Qd3 Rc3
37.Qxc2 Rxc2 38.Kf2 Kg8 39.Rxh4 Nxh4 40.Bxh4 axb4 41.axb4 Ra8 42.d7 Rd2 43.Ne7+ Kf7
44.Nd5  1-0

[Event "14th Torredembarra Open"]
[Site "Torredembarra ESP"]
[Date "2012.07.07"]
[Round "8.3"]
[White "Pogorelov,R"]
[Black "Plasencia Martinez,V"]
[Result "1-0"]
[WhiteElo "2408"]
[BlackElo "2167"]

1.Nf3 g6 2.c4 Bg7 3.d4 d6 4.e4 Nf6 5.Nc3 O-O 6.Be2 e5 7.Be3 Ng4 8.Bg5 f6
9.Bh4 g5 10.Bg3 Nc6 11.d5 Ne7 12.Nxg5 Nxf2 13.Bxf2 fxg5 14.Bg4 Ng6 15.g3 b6
16.O-O a6 17.Bxc8 Rxc8 18.Qh5 Nh8 19.Nd1 Qf6 20.Ne3 Qg6 21.Qxg6 Nxg6 22.Nf5 Bf6
23.Be3 Ne7 24.Nh6+ Kg7 25.Ng4 Kg6 26.b4 Bg7 27.Rfe1 h5 28.Nf2 g4 29.a4 Bh6
30.a5 Bxe3 31.Rxe3 Rb8 32.axb6 Rxb6 33.Nd3 Ra8 34.Re2 Ng8 35.Kf2 Rbb8 36.Ke3 Rf8
37.c5 Rf3+ 38.Kd2 Nf6 39.Re3 Rxe3 40.Kxe3 Nd7 41.c6 Nb6 42.Kd2 h4 43.Kc3 hxg3
44.hxg3 Kf6 45.Ra5 Kg5 46.b5 axb5 47.Rxa8 Nxa8 48.Kb4 Nb6 49.Kxb5 Kf6 50.Ka6 Ke7
51.Kb7 Kd8 52.Nb4 Na4 53.Na6 Nc3 54.Nxc7 Nxe4 55.Ne6+  1-0

[Event "16th Godesburg Open"]
[Site "Bad Godesberg GER"]
[Date "2012.07.08"]
[Round "2.29"]
[White "Brungs,Sven"]
[Black "Hornischer,Josef Gottfried"]
[Result "1-0"]
[WhiteElo "1866"]
[BlackElo "1918"]

1.d4 Nf6 2.Nf3 g6 3.c4 Bg7 4.Nc3 O-O 5.e4 d6 6.Be2 e5 7.d5 a5 8.b3 Na6 9.O-O Nc5
10.Qc2 Bd7 11.Ne1 Re8 12.Be3 b6 13.f3 Nh5 14.g3 Bf6 15.Ng2 Bh3 16.a3 Qe7
17.b4 axb4 18.axb4 Na6 19.Qb3 Reb8 20.c5 Bc8 21.cxb6 cxb6 22.Na4 Qd8 23.Rfc1 b5
24.Nc3 Bd7 25.Rc2 Nc7 26.Rca2 Ng7 27.Ne1 Bg5 28.Bf2 f5 29.Nd3 f4 30.g4 h5
31.h3 Kf7 32.Ne1 Qh8 33.Kh2 hxg4 34.fxg4 Bh4 35.Nd1 Qh7 36.Nf3 Bxf2 37.Nxf2  1-0

[Event "11th La Fere Open"]
[Site "La Fere FRA"]
[Date "2012.07.08"]
[Round "2.8"]
[White "Molet,A"]
[Black "Feryn,A"]
[Result "0-1"]
[WhiteElo "1844"]
[BlackElo "2114"]

1.d4 Nf6 2.Nf3 g6 3.c4 Bg7 4.Nc3 O-O 5.e4 d6 6.Be2 c6 7.O-O e5 8.dxe5 dxe5
9.Qxd8 Rxd8 10.Bg5 Re8 11.Rad1 Na6 12.Ne1 Nc5 13.f3 a5 14.Nc2 a4 15.Rd2 Be6
16.Rfd1 Nh5 17.Be3 Bf8 18.g3 Ng7 19.Bf1 f5 20.Na3 fxe4 21.fxe4 Nh5 22.Bg2 Be7
23.Bf3 Nf6 24.Kg2 Rf8 25.h3 h5 26.Rf1 Nh7 27.Kh2 Ng5 28.Bxg5 Bxg5 29.Rdd1 Rad8
30.Rxd8 Rxd8 31.Rd1 Rf8 32.Rf1 Bd2 33.Ncb1 Be3 34.Nc2 Bg5 35.Nc3 Bxc4 36.Rf2 Nd3  0-1

[Event "9th South Wales Int"]
[Site "Penarth WLS"]
[Date "2012.07.08"]
[Round "2.5"]
[White "Duncan,C"]
[Black "Davis,Ashley J"]
[Result "1-0"]
[WhiteElo "2318"]
[BlackElo "1929"]

1.Nf3 Nf6 2.c4 g6 3.Nc3 Bg7 4.e4 d6 5.d4 O-O 6.Be2 Nbd7 7.O-O e5 8.Be3 c6
9.Qd2 Qc7 10.b4 exd4 11.Nxd4 Ne5 12.f3 Re8 13.Rad1 d5 14.cxd5 cxd5 15.Ndb5 Qd8
16.Nxd5 Nxd5 17.exd5 a6 18.Nc3 Qc7 19.Rc1 Nc4 20.Bxc4 Qxc4 21.Ne4  1-0

[Event "4th Rethymno Open"]
[Site "Rethymno GRE"]
[Date "2012.07.08"]
[Round "2.8"]
[White "Volkov,Sergey1"]
[Black "Karabalis,H"]
[Result "0-1"]
[WhiteElo "2594"]
[BlackElo "2251"]

1.d4 Nf6 2.c4 g6 3.Nc3 Bg7 4.e4 d6 5.Be2 O-O 6.Nf3 e5 7.Be3 Ng4 8.Bg5 f6
9.Bh4 g5 10.Bg3 Nh6 11.c5 g4 12.Nh4 Nc6 13.cxd6 cxd6 14.dxe5 dxe5 15.Bc4+ Kh8
16.O-O Nd4 17.Ne2 f5 18.Nxd4 Qxd4 19.Qxd4 exd4 20.Bd6 Re8 21.e5 Be6 22.Bb5 Rec8
23.f4 gxf3 24.Nxf3 Nf7 25.Ba3 Bd5 26.Bd7 Rc2 27.e6 Ne5 28.Ba4 Re2 29.e7 Nxf3+
30.gxf3 d3 31.e8=Q+ Raxe8 32.Bxe8 Bd4+ 33.Kh1 Rxe8 34.Kg2 Re2+ 35.Kg3 Be5+
36.f4 Re3+ 37.Kf2 Bd4 38.Bb4 Re2+ 39.Kg3 Rg2+ 40.Kh3 Rg4  0-1

[Event "Irish Championships 2012"]
[Site "Dublin IRL"]
[Date "2012.07.09"]
[Round "3.5"]
[White "Cafolla,P"]
[Black "Janusaitis,M"]
[Result "1/2-1/2"]
[WhiteElo "2027"]
[BlackElo "1967"]

1.d4 Nf6 2.c4 g6 3.Nc3 Bg7 4.e4 d6 5.Be2 O-O 6.Nf3 e5 7.d5 Ne8 8.Bg5 f6 9.Bh4 a5
10.Nd2 Nd7 11.a3 b6 12.Rb1 Rf7 13.Bg4 Nc5 14.Bxc8 Nd3+ 15.Kf1 Qxc8 16.Qc2 Nf4
17.f3 g5 18.Bg3 Nh5 19.Qd1 Bh6 20.Ke1 Rg7 21.Nf1 f5 22.exf5 Qxf5 23.Ne3 Qg6
24.Ne4 Nhf6 25.Qc2 Nxe4 26.Qxe4 a4 27.Ke2 Nf6 28.Qxg6 Rxg6 29.Nd1 e4 30.Nc3 exf3+
31.gxf3 Bg7 32.Rhe1 Nd7 33.Nb5 Rc8 34.b3 axb3 35.Rxb3 Be5 36.Na7 Ra8 37.Nc6 Rg7
38.Bxe5 Nxe5 39.Nxe5 dxe5 40.Kd3 Re8 41.Rg1 Rf8 42.Ke2 Rf4 43.Rc1 h5 44.d6 Kh7
45.dxc7 Rxc7 46.Rxb6 Rfxc4 47.Rxc4  1/2-1/2

[Event "9th South Wales Int"]
[Site "Penarth WLS"]
[Date "2012.07.09"]
[Round "4.7"]
[White "Duncan,C"]
[Black "Waterfield,J"]
[Result "1-0"]
[WhiteElo "2318"]
[BlackElo "1982"]

1.Nf3 g6 2.c4 Bg7 3.d4 d6 4.Nc3 Nf6 5.e4 O-O 6.Be2 e5 7.O-O exd4 8.Nxd4 Re8
9.f3 c6 10.Kh1 a5 11.Bg5 h6 12.Bh4 Na6 13.Qd2 Qc7 14.Rac1 Be6 15.Nd5 Qd8
16.Nxf6+ Bxf6 17.Bxf6 Qxf6 18.Rfd1 Kh7 19.b3 Qe5 20.f4 Qc5 21.f5 Bd7 22.Rf1 Kg7
23.Bf3 Qe5 24.Rcd1 Nc5 25.Rfe1 g5 26.Nc2 g4 27.Bxg4 Nxe4 28.Rxe4 Qxe4 29.f6+ Kh7
30.Bxd7 Re5 31.Nd4 Rd8 32.Bh3 Rde8 33.Nf3 Rh5 34.Re1  1-0

[Event "ch-NOR 2012"]
[Site "Sandefjord NOR"]
[Date "2012.07.09"]
[Round "3.2"]
[White "Elsness,F"]
[Black "Stokke,K"]
[Result "1-0"]
[WhiteElo "2487"]
[BlackElo "2395"]

1.d4 Nf6 2.c4 g6 3.Nc3 Bg7 4.e4 O-O 5.Nf3 d6 6.Be2 e5 7.O-O exd4 8.Nxd4 Re8
9.f3 Nc6 10.Be3 Nh5 11.Qd2 Nxd4 12.Bxd4 Nf4 13.Rfd1 Qg5 14.Bf1 Bxd4+ 15.Qxd4 Ne6
16.Qf2 Qc5 17.Qxc5 dxc5 18.Nd5 Kg7 19.e5 Rd8 20.Nxc7 Rb8 21.Rxd8 Nxd8 22.Rd1 b6
23.Rd5 Nc6 24.f4 Bf5 25.Rd6 Nd4 26.Kf2 h5 27.g3 Rc8 28.Nd5 Be6 29.Ne3 Nf5
30.Nxf5+ gxf5 31.h4 Kf8 32.Be2 Ke7 33.b3 Rh8 34.Bf3 Rh7 35.a3 Rh6 36.a4 Rh8
37.a5 Rb8 38.axb6 axb6 39.Bxh5 b5 40.Be2 bxc4 41.Bxc4 Bxc4 42.bxc4 Rb4 43.Rf6 Rxc4
44.Rxf5 Rc2+ 45.Kf3 c4 46.Rf6  1-0

[Event "II Holuj-Radzikowski Mem"]
[Site "Warsaw POL"]
[Date "2012.07.09"]
[Round "9"]
[White "Rajlich,I"]
[Black "Szczepkowska Horowska,K"]
[Result "1-0"]
[WhiteElo "2419"]
[BlackElo "2376"]

1.Nf3 Nf6 2.c4 d6 3.d4 Nbd7 4.Nc3 e5 5.e4 g6 6.Be2 Bg7 7.O-O O-O 8.Re1 c6
9.Bf1 a5 10.dxe5 dxe5 11.Be3 Qe7 12.Qc2 Ne8 13.Na4 Nc7 14.c5 Rb8 15.Rad1 Nf6
16.h3 Nh5 17.Qd2 Be6 18.b3 Ra8 19.Qd6 Rfe8 20.Nb6 Rab8 21.Qxe7 Rxe7 22.Bd2 f6
23.Bxa5 Bf8 24.Nd7 Rxd7 25.Rxd7 Bxd7 26.Bxc7 Ra8 27.Bc4+ Kh8 28.Rd1 Be8 29.Bd8 Kg7
30.Bb6 Be7 31.a4 Kf8 32.h4 h6 33.g3 Ng7 34.a5 Rb8 35.b4 Bf7 36.Bxf7 Kxf7
37.Nd2 Ne6 38.Nc4 Nd4 39.f4 Ne2+ 40.Kf2 Nc3 41.Rd3 Na2 42.Nd6+ Kf8 43.Bc7 Ra8
44.Rb3 exf4 45.gxf4 f5 46.exf5 Bxh4+ 47.Kf3 gxf5 48.Nxf5 Be1 49.b5 Nc3 50.a6  1-0

[Event "22nd Gorges Open"]
[Site "Gorges FRA"]
[Date "2012.07.10"]
[Round "3.9"]
[White "Templier,B"]
[Black "Delorme,Sonia"]
[Result "1-0"]
[WhiteElo "1687"]
[BlackElo "1575"]

1.c4 Nf6 2.Nc3 g6 3.Nf3 Bg7 4.d4 O-O 5.e4 d6 6.Be2 Nbd7 7.O-O e5 8.d5 Nc5
9.Nd2 Bh6 10.f3 a5 11.Nb3 Bxc1 12.Rxc1 Na6 13.a3 Bd7 14.Kh1 Nh5 15.Qd2 a4
16.Na1 Nc5 17.g3 Bh3 18.Rf2 Ng7 19.f4 exf4 20.Qxf4 Qe7 21.Rd1 Rae8 22.Bf3 f5
23.Qh6 fxe4 24.Qxh3 exf3 25.Nc2 Rf7 26.Qg4 Ref8 27.Re1 Qd8 28.Re3 h5 29.Qxg6 Qd7
30.Nd4 Rf6 31.Qb1 Qg4 32.Qd1 R6f7 33.Rexf3 Rxf3 34.Rxf3 Rxf3 35.Nxf3 Qxc4
36.Qe1 Nd3 37.Qe2 Nxb2 38.Qxb2 Nf5 39.Qd2 Kf7 40.Qe1 Ne7 41.Ng5+ Kf6 42.Nce4+ Kg6
43.Qa1 Nxd5 44.Qb1 Kh6 45.Nf7+ Kg7 46.Neg5 Qe2 47.Qh7+ Kf6 48.Qh8+ Kg6 49.Qh7+ Kf6
50.Ne4+ Ke6 51.Nfg5+ Ke5 52.Qg7+ Kf5 53.Qf7+ Ke5 54.Qg7+ Kf5 55.Qf7+ Ke5
56.Qe8+ Kd4 57.Qxa4+ Ke5 58.Qe8+ Kd4 59.Qh8+ Kc4 60.Qa1 Ne3 61.Qc3+ Kd5 62.Nf6+  1-0

[Event "86th ch-ARG 2012"]
[Site "La Plata ARG"]
[Date "2012.07.10"]
[Round "9.2"]
[White "Krysa,L"]
[Black "Perez Ponsa,F"]
[Result "1/2-1/2"]
[WhiteElo "2424"]
[BlackElo "2489"]

1.d4 Nf6 2.c4 g6 3.Nc3 Bg7 4.e4 d6 5.Nf3 O-O 6.Be2 e5 7.O-O Nbd7 8.Re1 c6
9.Bf1 a5 10.Bg5 h6 11.Bh4 g5 12.Bg3 Nh5 13.d5 Nc5  1/2-1/2

[Event "34th Oberwart Open A"]
[Site "Oberwart AUT"]
[Date "2012.07.10"]
[Round "4.4"]
[White "Danner,G"]
[Black "Stanec,N"]
[Result "1/2-1/2"]
[WhiteElo "2370"]
[BlackElo "2527"]

1.d4 Nf6 2.Nf3 g6 3.c4 Bg7 4.Nc3 O-O 5.e4 d6 6.Be2 e5 7.d5 Na6 8.O-O Nc5
9.Qc2 a5 10.Bg5 h6 11.Be3 Nfd7 12.Nd2 f5 13.exf5 gxf5 14.f4 exf4 15.Bxf4 Ne5
16.Nb3 Nxb3 17.axb3 Bd7 18.Qd2 Kh7 19.Nb5 Ng6 20.Bd3 Nxf4 21.Rxf4 Be5 22.Rf3 c6
23.Nc3 Qh4 24.Rh3 Bf4 25.Qc2 Qg5 26.Rf1 Kh8 27.Qf2 Be5 28.Qh4 Kg7 29.Qxg5+ hxg5
30.g4 Rae8  1/2-1/2

[Event "5th Int ch-Central Serbia 2012"]
[Site "Paracin SRB"]
[Date "2012.07.10"]
[Round "5.18"]
[White "Del Rio de Angelis,S"]
[Black "Cabarkapa,N"]
[Result "1/2-1/2"]
[WhiteElo "2547"]
[BlackElo "2254"]

1.d4 Nf6 2.c4 g6 3.Nc3 Bg7 4.e4 d6 5.Nf3 O-O 6.Be2 e5 7.Be3 exd4 8.Nxd4 Re8
9.f3 c6 10.Bf2 d5 11.exd5 cxd5 12.O-O Nc6 13.c5 Re5 14.Re1 Bd7 15.Qb3 Rb8
16.Rad1 Qf8 17.Qa3 Rbe8 18.Bg3 Nh5 19.Bxe5 Bxe5 20.Nxc6 bxc6 21.Qxa7 Bf5
22.Bf1 Bd4+ 23.Rxd4 Rxe1 24.Ne2 Nf6 25.Kf2 Rb1 26.b4 Nd7 27.a4 Ne5 28.Ng3 Bd3
29.Bxd3 Rxb4 30.Ne2 Rxd4 31.Nxd4 Nxd3+ 32.Ke2 Nxc5 33.Nxc6 Qd6 34.Qb8+ Qxb8  1/2-1/2

[Event "4th Rethymno Open"]
[Site "Rethymno GRE"]
[Date "2012.07.10"]
[Round "5.9"]
[White "Haugli,P"]
[Black "David,Alb"]
[Result "1/2-1/2"]
[WhiteElo "2318"]
[BlackElo "2605"]

1.d4 Nf6 2.c4 d6 3.Nf3 Nbd7 4.Nc3 g6 5.e4 e5 6.Be2 Bg7 7.O-O O-O 8.Be3 Re8
9.Qc2 c6 10.d5 c5 11.Ne1 Rf8 12.Nd3 Ne8 13.f4 exf4 14.Bxf4 Qe7 15.Qd2 a6
16.Bg5 Bd4+ 17.Be3 Nef6 18.Bf3 Ne5 19.Nxe5 Bxe3+ 20.Qxe3 Qxe5 21.Be2 Nd7
22.Rf2 Qe7 23.Bg4 Ne5 24.Bxc8 Raxc8 25.Qe2 Rce8 26.Raf1 Kg7 27.Rf4 Qd8 28.b3 h5
29.a4 Qg5 30.Qe3 Kg8 31.Qe2 Ng4 32.Qf3 Qe5 33.Qg3 Qd4+ 34.Kh1 Ne3 35.R1f3 Ng4
36.Rf1 Ne3 37.R1f3 Ng4 38.Rf1 Ne3  1/2-1/2

[Event "Werner-Ott-Open 2012"]
[Site "Berlin GER"]
[Date "2012.07.11"]
[Round "5.21"]
[White "Kambor,Joachim"]
[Black "Bieg,Pascal"]
[Result "1/2-1/2"]
[WhiteElo "2086"]
[BlackElo "1758"]

1.d4 Nf6 2.c4 g6 3.Nc3 Bg7 4.e4 d6 5.Be2 O-O 6.Nf3 e5 7.Be3 exd4 8.Nxd4 Re8
9.f3 c6 10.Bf2 d5 11.exd5 cxd5 12.c5 Nc6 13.O-O Nh5  1/2-1/2

[Event "119th ch-SCO 2012"]
[Site "Glasgow SCO"]
[Date "2012.07.11"]
[Round "5.6"]
[White "MacQueen,C"]
[Black "Hebden,M"]
[Result "0-1"]
[WhiteElo "2233"]
[BlackElo "2525"]

1.d4 Nf6 2.c4 g6 3.Nc3 Bg7 4.e4 d6 5.Nf3 O-O 6.Be2 e5 7.Be3 Ng4 8.Bg5 f6
9.Bh4 Nc6 10.d5 Ne7 11.Nd2 Nh6 12.f3 c5 13.O-O Kh8 14.Rb1 Nf7 15.b4 b6 16.bxc5 bxc5
17.Qa4 Ng8 18.Nb3 Bh6 19.Bf2 f5 20.Nxc5 dxc5 21.Bxc5 Nf6 22.Qa3 Re8 23.Bf2 fxe4
24.fxe4 Bd2 25.Bf3 Nd6 26.Nb5 Ndxe4 27.Bxe4 Nxe4 28.Bh4 Qb6+ 29.c5 Qxc5+
30.Qxc5 Nxc5 31.Nc7 Bf5 32.Rbd1 Be3+ 33.Kh1 Nd7 34.Rfe1 Bb6 35.Nxa8 Rxa8
36.Bg5 Kg7 37.Be3 h5 38.Kg1 e4 39.Rc1 Kf6 40.Kf2 Ke5 41.Red1 Nf6 42.Bxb6 axb6
43.Rd2 Nxd5  0-1

[Event "27th Gniota Memorial"]
[Site "Police POL"]
[Date "2012.07.11"]
[Round "1.7"]
[White "Chojnacki,K"]
[Black "Jacek,K"]
[Result "1-0"]
[WhiteElo "2441"]
[BlackElo "2074"]

1.d4 Nf6 2.c4 g6 3.Nc3 Bg7 4.e4 d6 5.Nf3 O-O 6.Be2 e5 7.Be3 c6 8.d5 Ng4 9.Bc1 f5
10.O-O f4 11.dxc6 bxc6 12.c5 dxc5 13.h3 Nh6 14.Na4 Qe7 15.Qc2 c4 16.Qxc4+ Nf7
17.b3 Kh8 18.Bb2 h5 19.Rac1 g5 20.Nh2 g4 21.hxg4 hxg4 22.Nxg4 Qh4 23.Ba3 Bxg4
24.Bxf8 Ng5 25.Bxg7+ Kxg7 26.Bxg4 Qxg4 27.f3 Nh3+ 28.Kh1 Qh4 29.Qe2 Ng5+
30.Kg1 Nd7 31.Qf2 Qh5 32.Rfd1 Nf6 33.Kf1 Rg8 34.Nc5 Kh8 35.Ke2 Qf7 36.Rd6 Kg7
37.Qh4 Qg6 38.Qxg5  1-0

[Event "16th Godesburg Open"]
[Site "Bad Godesberg GER"]
[Date "2012.07.12"]
[Round "6.17"]
[White "Brungs,Sven"]
[Black "Jonas,Rainer"]
[Result "1-0"]
[WhiteElo "1866"]
[BlackElo "2023"]

1.d4 Nf6 2.Nf3 g6 3.c4 Bg7 4.Nc3 d6 5.e4 O-O 6.Be2 e5 7.d5 a5 8.Bg5 h6 9.Be3 Ng4
10.Bd2 f5 11.O-O f4 12.Be1 Nf6 13.Nd2 Nbd7 14.f3 Rf7 15.Bf2 Nf8 16.a3 g5
17.b4 Ng6 18.c5 Bf8 19.Bc4 h5 20.Kh1 g4 21.Bg1 Nh7 22.b5 g3 23.Na4 gxh2 24.Bf2 h4
25.Kxh2 Qg5 26.Rg1 Nf6 27.b6 cxb6 28.Nxb6 Nh5 29.Nxa8 Ng3 30.Nb6 Rh7 31.Nxc8 h3
32.gxh3 Qh4 33.Bf1 Qd8 34.Bxg3 fxg3+ 35.Rxg3 Kf7 36.Nb6 Bh6 37.Ndc4 dxc5
38.Kh1 Bf4 39.Rg4 Qh8 40.d6 Rxh3+ 41.Bxh3 Qxh3+ 42.Kg1 Bh2+ 43.Kf2 Nf4 44.Nxe5+ Kf6
45.Rxf4+ Bxf4 46.Ned7+ Kg7 47.Qg1+  1-0

[Event "ch-SUI Hauptturnier 1 2012"]
[Site "Flims SUI"]
[Date "2012.07.12"]
[Round "1"]
[White "Huss,A"]
[Black "Sprenger,M"]
[Result "1-0"]
[WhiteElo "2319"]
[BlackElo "2008"]

1.d4 Nf6 2.c4 g6 3.Nf3 Bg7 4.Nc3 O-O 5.e4 d6 6.Be2 e5 7.d5 a5 8.Be3 Na6 9.Nd2 Nd7
10.O-O f5 11.f3 Nac5 12.b3 Nf6 13.a3 Qe7 14.b4 axb4 15.axb4 Rxa1 16.Qxa1 Na6
17.Qa3 fxe4 18.Ncxe4 Nxe4 19.Nxe4 Bf5 20.Bd3 Bxe4 21.Bxe4 Bf6 22.c5 Bg5 23.Bf2 Qd7
24.c6 Qc8 25.Ra1 Nb8 26.Qd3  1-0

[Event "ch-SUI Hauptturnier 1 2012"]
[Site "Flims SUI"]
[Date "2012.07.12"]
[Round "1"]
[White "Sher,M"]
[Black "Kock,HU"]
[Result "1-0"]
[WhiteElo "2410"]
[BlackElo "2060"]

1.c4 Nf6 2.Nf3 g6 3.Nc3 Bg7 4.e4 d6 5.d4 O-O 6.Be2 c6 7.O-O e5 8.Re1 Nbd7
9.Bf1 Ne8 10.g3 Nc7 11.Bg2 f5 12.Bg5 Bf6 13.Be3 Qe7 14.Qd2 Ne6 15.exf5 gxf5
16.d5 Ng7 17.dxc6 bxc6 18.Rad1 e4 19.Nd4 Ne5 20.Nxc6 Nxc6 21.Qd5+ Be6 22.Qxc6 Rac8
23.Qxd6 Qxd6 24.Rxd6 Bxc4 25.Bd4 Ne8 26.Bxf6 Nxf6 27.Bh3 Rc5 28.b4 Rc7 29.Bxf5 Ne8
30.Rd8 Rxf5 31.Rxe8+ Kf7 32.Nxe4 Rd7 33.Rc8 Bxa2 34.Rc5 Rxc5 35.Nxc5 Rc7
36.Ra1 Bd5 37.f4 h5 38.Kf2 Kf6 39.Ra5 Kf5 40.Na6 Rc2+ 41.Ke3 Ke6 42.Rc5 Rb2
43.Nc7+ Kd6 44.Nxd5  1-0

[Event "11th La Fere Open"]
[Site "La Fere FRA"]
[Date "2012.07.12"]
[Round "7.24"]
[White "Wolfangel,C"]
[Black "Lalot,Hugues"]
[Result "0-1"]
[WhiteElo "1784"]
[BlackElo "1612"]

1.d4 Nf6 2.Nf3 g6 3.c4 Bg7 4.Nc3 O-O 5.e4 d6 6.Be2 e5 7.dxe5 dxe5 8.Qxd8 Rxd8
9.Bg5 Re8 10.Nd5 Nxd5 11.cxd5 c6 12.Bc4 cxd5 13.Bxd5 Nd7 14.Rc1 Nf6 15.Bxf6 Bxf6
16.Rc7 Re7 17.Rxe7 Bxe7 18.Nxe5 Be6 19.Bxe6 fxe6 20.Ke2 Rc8 21.Rd1 Bg5 22.Nd3 Rc2+
23.Kf1 a5 24.f4 Be7 25.Rc1 Rd2 26.a4 Rxd3  0-1

[Event "86th ch-ARG 2012"]
[Site "La Plata ARG"]
[Date "2012.07.12"]
[Round "11.13"]
[White "Dolezal,C"]
[Black "Benedetti,J"]
[Result "1/2-1/2"]
[WhiteElo "2437"]
[BlackElo "2090"]

1.Nf3 Nf6 2.c4 g6 3.Nc3 Bg7 4.e4 d6 5.d4 O-O 6.Be2 e5 7.d5 a5 8.h3 Na6 9.Be3 b6
10.Nd2 Ne8 11.g4 f5 12.gxf5 gxf5 13.exf5 Bxf5 14.Bg4 Bg6 15.Bh5 Bf5 16.Bg4 Bg6
17.Bh5 Bf5 18.Nde4 Nc5 19.Bxc5 bxc5 20.Bg4 Bxe4 21.Nxe4 Rf4 22.Qe2 Bh6 23.Rg1 Kh8
24.Rd1 Nf6 25.Bf3 Nxe4 26.Bxe4 Qh4 27.Rg4 Qxh3 28.Rxf4 Bxf4 29.Rd3 Qh4 30.Qf3 Rf8
31.Qg2 Rg8 32.Rh3 Rxg2 33.Rxh4 Rg1+ 34.Ke2 h6 35.Rh1 Rxh1 36.Bxh1 Bc1  1/2-1/2